000 01605nam0a2200313 4500
001 RU\NLR\BIBL_A\012109469
005 20191022123439.0
010 _a978-5-6043040-9-9
_9100
021 _aRU
_bКН-П-19-064571
_9КН-П-19-4637
035 _a(NLR Aleph) 012109469
035 _a(RuMoRGB)010080097
090 _a11932600
_c11932600
100 _a20191002d2019 u y0rusy50 ca
101 0 _arus
102 _aRU
105 _aach z 000zy
200 1 _aИсторико-публицистический проект "ДВОКУ: неизвестные страницы истории"
_eВладивостокское военно-пехотное училище: история в событиях и лицах
_fА. И. Кадук
210 _aМосква
_cМаска
_d2019
215 _a383 с.
_cил., цв. ил., портр., факс.
_d30
601 0 2 _aДальневосточное высшее общевойсковое командное училище им. К.К.Рокоссовского
_cБлаговещенск, город (Амурская область)
_xИстория
_2nlr_sh2
_3RU\NLR\AUTH\6601663756
686 1 _aЦ4,6(2)393.2г
700 1 _aКадук
_bА. И.
_gАлександр Иванович
942 _cBOOK
980 _aNBR
980 _aNB